[Event "Regionalliga NW 0405"]
[Site "Bayern"]
[Date "2005.01.30"]
[Round "6.6"]
[White "Schleupner, Kurt"]
[Black "Lorke, Christian"]
[Result "0-1"]
[WhiteElo "2020"]
[BlackElo "1916"]
[PlyCount "78"]
[EventDate "2004.10.24"]
[EventType "team-tourn"]
[EventRounds "9"]
[EventCountry "GER"]
[SourceTitle "EXT 2007"]
[Source "ChessBase"]
[SourceDate "2006.11.23"]
[SourceVersion "1"]
[SourceVersionDate "2006.11.23"]
[SourceQuality "1"]
[WhiteTeam "Hof"]
[BlackTeam "Coburg"]
[WhiteTeamCountry "GER"]
[BlackTeamCountry "GER"]

1. e4 g6 2. d4 Bg7 3. Nf3 d6 4. c4 Nc6 5. Be3 e5 6. h3 f5 7. exf5 Bxf5 8. d5 Nce7 9. Nc3 Nf6 10. Be2 0-0 11. 0-0 Qc8 12. Kh2 h6 13. Ng1 g5 14. Bd3 e4 15. Bc2 Ng6 16. Qd2 Ne5 17. b3 g4 18. h4 Qe8 19. Bf4 Qh5 20. Bg3 Ng6 21. Nge2 Nxh4 22. Kg1 Rae8 23. Nf4 Qg5 24. Bxh4 Qxh4 25. Nce2 e3 26. fxe3 g3 27. Nh3 Bxh3 28. gxh3 Ne4 29. Rxf8+ Bxf8 30. Bxe4 Rxe4 31. Nf4 Bg7 32. Re1 Bf6 33. Qd1 Bg5 34. Kg2 Bxf4 35. exf4 Qxf4 36. Rf1 Qe5 37. Kg1 Qb2 38. Rf8+ Kxf8 39. Qf3+ Kg8 0-1

[Event "Regionalliga NW 0304"]
[Site "Bayern"]
[Date "2004.01.18"]
[Round "5.5"]
[White "Lorke, Christian"]
[Black "Vogt, Thomas"]
[Result "1/2-1/2"]
[WhiteElo "1943"]
[BlackElo "2014"]
[PlyCount "33"]
[EventDate "2003.10.12"]
[EventType "team-tourn"]
[EventRounds "9"]
[EventCountry "GER"]
[SourceTitle "EXT 2006"]
[Source "ChessBase"]
[SourceDate "2005.11.24"]
[SourceVersion "1"]
[SourceVersionDate "2005.11.24"]
[SourceQuality "1"]
[WhiteTeam "Coburg"]
[BlackTeam "Wuerzburg II"]
[WhiteTeamCountry "GER"]
[BlackTeamCountry "GER"]

1. g3 d5 2. Bg2 Nf6 3. d3 e5 4. Nd2 Be7 5. e4 dxe4 6. Nxe4 Nxe4 7. Bxe4 0-0 8. Ne2 c6 9. Be3 Be6 10. 0-0 f5 11. Bg2 Bd5 12. f4 Bxg2 13. Kxg2 Qd5+ 14. Kg1 Bc5 15. Qd2 Nd7 16. Nc3 Qd6 17. Kg2 1/2-1/2

[Event "Regionalliga NW 0203"]
[Site "Bayern"]
[Date "2002.12.15"]
[Round "3.5"]
[White "Lorke, Christian"]
[Black "Oechslein, Rainer"]
[Result "0-1"]
[WhiteElo "1907"]
[BlackElo "2179"]
[PlyCount "53"]
[EventDate "2002.10.20"]
[EventType "team-tourn"]
[EventRounds "9"]
[EventCountry "GER"]
[SourceTitle "EXT 2004"]
[Source "ChessBase"]
[SourceDate "2003.11.25"]
[SourceVersion "1"]
[SourceVersionDate "2003.11.25"]
[SourceQuality "1"]
[WhiteTeam "Coburg"]
[BlackTeam "Schweinfurt"]
[WhiteTeamCountry "GER"]
[BlackTeamCountry "GER"]

1. g3 c5 2. Bg2 Nc6 3. d3 g6 4. Nc3 Bg7 5. e4 Rb8 6. f4 b5 7. Nf3 e6 8. 0-0 Nge7 9. Rb1 d6 10. g4 f5 11. gxf5 exf5 12. e5 0-0 13. h4 dxe5 14. fxe5 Nxe5 15. Bf4 Nxf3+ 16. Rxf3 Rb6 17. Qe2 b4 18. Na4 Re6 19. Qd2 Bb7 20. Rg3 Bxg2 21. Kxg2 Nd5 22. Bg5 Qd6 23. Kh3 f4 24. Rf3 h6 25. Nxc5 Qxc5 26. Bxf4 Nxf4+ 27. Rxf4 0-1

[Event "Regionalliga NW 0102"]
[Site "Bayern"]
[Date "2001.10.07"]
[Round "1.5"]
[White "Wilfert, Andre"]
[Black "Lorke, Christian"]
[Result "1-0"]
[WhiteElo "2010"]
[BlackElo "1890"]
[PlyCount "95"]
[EventDate "2001.10.07"]
[EventType "team-tourn"]
[EventRounds "9"]
[EventCountry "GER"]
[SourceTitle "EXT 2003"]
[Source "ChessBase"]
[SourceDate "2002.11.25"]
[SourceVersion "1"]
[SourceVersionDate "2002.11.25"]
[SourceQuality "1"]
[WhiteTeam "Hof"]
[BlackTeam "Coburg"]
[WhiteTeamCountry "GER"]
[BlackTeamCountry "GER"]

1. e4 c5 2. Nf3 Nc6 3. d4 cxd4 4. Nxd4 g6 5. Be2 Bg7 6. Be3 Nf6 7. Nc3 0-0 8. 0-0 d6 9. Kh1 Nxd4 10. Bxd4 Bd7 11. f4 Bc6 12. Bf3 Qc7 13. Nd5 Bxd5 14. exd5 Rfe8 15. Re1 e5 16. dxe6 fxe6 17. c3 e5 18. fxe5 dxe5 19. Bf2 Kh8 20. Qc2 Re7 21. Re2 Rd8 22. Rae1 Bh6 23. Bg3 Rde8 24. Qa4 Bf4 25. Bxf4 exf4 26. Qxa7 Rxe2 27. Rxe2 Rxe2 28. Bxe2 Qe5 29. Qf2 Ne4 30. Qd4 Qxd4 31. cxd4 Kg7 32. Bf3 Nd6 33. Kg1 Kf6 34. Kf2 b6 35. Ke2 Nf5 36. Kd3 Ne3 37. b4 g5 38. h3 h5 39. a4 g4 40. hxg4 hxg4 41. Bc6 Ke6 42. a5 Kd6 43. Be4 bxa5 44. bxa5 Nd1 45. a6 Nf2+ 46. Ke2 Nxe4 47. a7 Nc3+ 48. Ke1 1-0

[Event "Regionalliga NW 0001"]
[Site "Bayern"]
[Date "2001.03.11"]
[Round "7"]
[White "Wambach, Juergen"]
[Black "Lorke, Christian"]
[Result "1/2-1/2"]
[WhiteElo "1995"]
[BlackElo "1880"]
[PlyCount "46"]
[EventDate "2000.10.15"]
[EventType "team-tourn"]
[EventRounds "9"]
[EventCountry "GER"]
[SourceTitle "EXT 2020"]
[Source "ChessBase"]
[SourceDate "2019.10.17"]
[SourceVersion "1"]
[SourceVersionDate "2019.10.17"]
[SourceQuality "1"]
[WhiteTeam "Klingenberg"]
[BlackTeam "Coburg"]
[WhiteTeamCountry "GER"]
[BlackTeamCountry "GER"]

1. e4 e6 2. d4 d5 3. exd5 exd5 4. Bd3 Bd6 5. h3 Nc6 6. Nf3 h6 7. 0-0 Nf6 8. Re1+ Be6 9. c3 0-0 10. Ne5 Nd7 11. Bf4 Qf6 12. Nxd7 Bxd7 13. Bxd6 Qxd6 14. Nd2 Rfe8 15. Qf3 Rxe1+ 16. Rxe1 Re8 17. Rxe8+ Bxe8 18. Qe2 Qe7 19. Qxe7 Nxe7 20. Nf3 f6 21. Kf1 Bg6 22. Ke2 Bxd3+ 23. Kxd3 Kf7 1/2-1/2

[Event "Regionalliga NW 0001"]
[Site "Bayern"]
[Date "2001.02.18"]
[Round "6"]
[White "Wittstock, Bjoern"]
[Black "Lorke, Christian"]
[Result "1/2-1/2"]
[WhiteElo "1990"]
[BlackElo "1880"]
[PlyCount "64"]
[EventDate "2000.10.15"]
[EventType "team-tourn"]
[EventRounds "9"]
[EventCountry "GER"]
[SourceTitle "EXT 2020"]
[Source "ChessBase"]
[SourceDate "2019.10.17"]
[SourceVersion "1"]
[SourceVersionDate "2019.10.17"]
[SourceQuality "1"]
[WhiteTeam "Sailauf"]
[BlackTeam "Coburg"]
[WhiteTeamCountry "GER"]
[BlackTeamCountry "GER"]

1. Nf3 g6 2. c4 Bg7 3. d4 d6 4. Nc3 Nc6 5. d5 Ne5 6. Nxe5 Bxe5 7. f4 Bg7 8. e4 e5 9. dxe6 Bxe6 10. Bd3 Ne7 11. 0-0 f5 12. exf5 Bxf5 13. Bxf5 Nxf5 14. Re1+ Kd7 15. Ne4 Kc8 16. Qe2 Bd4+ 17. Kh1 Kb8 18. Ng5 Qd7 19. Nf3 Bc5 20. Bd2 Nd4 21. Nxd4 Bxd4 22. Qe4 c5 23. Qc2 Kc7 24. Ba5+ b6 25. Bc3 Bxc3 26. Qxc3 Rhf8 27. Re4 Rae8 28. Rae1 Rxe4 29. Rxe4 Re8 30. Qe3 Rxe4 31. Qxe4 Qf5 32. Qe7+ Qd7 1/2-1/2

[Event "Passau op 7th"]
[Site "Passau"]
[Date "1999.04.04"]
[Round "6"]
[White "Lorke, Christian"]
[Black "Bussjaeger, Johann"]
[Result "1/2-1/2"]
[WhiteElo "1800"]
[BlackElo "1750"]
[PlyCount "54"]
[EventDate "1999.04.02"]
[EventType "swiss"]
[EventRounds "7"]
[EventCountry "GER"]
[SourceTitle "EXT 2000"]
[Source "ChessBase"]
[SourceDate "1999.11.16"]
[SourceVersion "1"]
[SourceVersionDate "1999.11.16"]
[SourceQuality "1"]

1. d4 d5 2. c4 e6 3. Nc3 Nf6 4. cxd5 exd5 5. Bg5 Be7 6. Qc2 Nbd7 7. e3 c5 8. Nf3 cxd4 9. Nxd4 0-0 10. Bd3 Ne5 11. 0-0 Nxd3 12. Qxd3 Be6 13. Rfd1 Qd7 14. Rac1 Rfd8 15. h3 Rac8 16. Rc2 h6 17. Bf4 a6 18. Rdc1 Bd6 19. Bxd6 Qxd6 20. Nce2 Rxc2 21. Rxc2 Rc8 22. Nxe6 Rxc2 23. Qxc2 Qxe6 24. Qc7 Qc6 25. Qxc6 bxc6 26. Kf1 Kf8 27. Nd4 c5 1/2-1/2

[Event "Passau op 7th"]
[Site "Passau"]
[Date "1999.04.03"]
[Round "4"]
[White "Lorke, Christian"]
[Black "Dahmen, Juergen"]
[Result "1-0"]
[WhiteElo "1800"]
[BlackElo "1517"]
[PlyCount "73"]
[EventDate "1999.04.02"]
[EventType "swiss"]
[EventRounds "7"]
[EventCountry "GER"]
[SourceTitle "EXT 2000"]
[Source "ChessBase"]
[SourceDate "1999.11.16"]
[SourceVersion "1"]
[SourceVersionDate "1999.11.16"]
[SourceQuality "1"]

1. d4 d5 2. c4 dxc4 3. Nc3 e5 4. d5 Nf6 5. e4 Bb4 6. Qa4+ c6 7. Qxb4 cxd5 8. exd5 Nxd5 9. Nxd5 Qxd5 10. Qxc4 Be6 11. Qxd5 Bxd5 12. Bb5+ Nc6 13. Nf3 0-0 14. Be3 Nb4 15. 0-0 e4 16. Nd4 a6 17. Ba4 Nd3 18. Bb3 Bxb3 19. Nxb3 Nxb2 20. Nc5 b5 21. Nxe4 Nc4 22. Nd2 Nxe3 23. fxe3 Rfe8 24. Kf2 Rad8 25. Ke2 Rd5 26. Rac1 Rde5 27. Rf3 f5 28. Rc6 a5 29. Rc7 g5 30. e4 f4 31. Rd3 R8e7 32. Rxe7 Rxe7 33. Rd4 Re5 34. Rd5 Rxd5 35. exd5 Kf7 36. Kd3 Ke7 37. Kd4 1-0

[Event "Regionalliga NW 9899"]
[Site "Bayern"]
[Date "1998.??.??"]
[Round "2.4"]
[White "Lorke, Christian"]
[Black "Kraich, Klaus"]
[Result "0-1"]
[WhiteElo "1780"]
[BlackElo "2010"]
[PlyCount "90"]
[EventDate "1998.??.??"]
[EventType "team-tourn"]
[EventRounds "9"]
[EventCountry "GER"]
[SourceTitle "EXT 2020"]
[Source "ChessBase"]
[SourceDate "2019.10.17"]
[SourceVersion "1"]
[SourceVersionDate "2019.10.17"]
[SourceQuality "1"]
[WhiteTeam "Coburg"]
[BlackTeam "Klingenberg"]
[WhiteTeamCountry "GER"]
[BlackTeamCountry "GER"]

1. d4 d5 2. c4 dxc4 3. Nc3 a6 4. a4 e5 5. d5 Nf6 6. e4 Bb4 7. Bg5 h6 8. Bxf6 Qxf6 9. Bxc4 Qg6 10. Qf3 Nd7 11. Nge2 0-0 12. 0-0 Nf6 13. h3 Bd7 14. Kh1 Rad8 15. Rfd1 Bc8 16. Rac1 Bc5 17. Bb3 Bb6 18. Ng3 h5 19. Rc2 h4 20. Nf1 Qg5 21. Nd2 Ne8 22. Nc4 Ba7 23. Rcd2 Nd6 24. Rc2 Nxc4 25. Bxc4 Rd6 26. Rdd2 Bb6 27. b4 Rg6 28. Bf1 Rd8 29. a5 Ba7 30. Na4 Bd4 31. Re2 Rf6 32. Qa3 Bd7 33. Nc5 Bb5 34. Nd3 c6 35. dxc6 Bxc6 36. Ne1 Qg6 37. f3 Bb5 38. Rf2 Bxf2 39. Rxf2 Qg3 40. Qe3 Bxf1 41. Rxf1 Rd1 42. Qe2 Rfd6 43. Qc2 Rxe1 44. Qc8+ Kh7 45. Qf5+ Kh6 0-1

[Event "Schachschule Erlangen op"]
[Site "Erlangen"]
[Date "1997.??.??"]
[Round "2"]
[White "Gillich, Werner"]
[Black "Lorke, Christian"]
[Result "0-1"]
[WhiteElo "1625"]
[BlackElo "1629"]
[PlyCount "88"]
[EventDate "1997.10.31"]
[EventType "swiss"]
[EventRounds "5"]
[EventCountry "GER"]
[SourceTitle "EXT 1999"]
[Source "ChessBase"]
[SourceDate "1998.11.16"]
[SourceVersion "1"]
[SourceVersionDate "1998.11.16"]
[SourceQuality "1"]

1. d4 Nc6 2. Bf4 e6 3. e3 Nf6 4. Nd2 Be7 5. c3 b6 6. Bd3 Bb7 7. Ngf3 d6 8. Qe2 h6 9. Ba6 Qc8 10. Bxb7 Qxb7 11. h3 0-0 12. 0-0 Nd5 13. Bg3 Rae8 14. e4 Nf6 15. e5 Nd7 16. Nc4 Qa6 17. Rfe1 d5 18. Ncd2 Qxe2 19. Rxe2 Na5 20. Rc1 c5 21. c4 dxc4 22. Nxc4 Nxc4 23. Rxc4 Rc8 24. dxc5 Bxc5 25. Rc1 Bxf2+ 26. Bxf2 Rxc1+ 27. Kh2 Rfc8 28. Nd4 Nb8 29. Be3 Rd1 30. Bd2 Nc6 31. Nxc6 Rxc6 32. Bc3 Rc4 33. Kg3 Kh7 34. Kf3 Rd3+ 35. Kf2 Rf4+ 36. Kg1 h5 37. Kh2 Rf1 38. g3 Rff3 39. Rg2 h4 40. gxh4 Rxh3+ 41. Kg1 Rhg3 42. Rxg3 Rxg3+ 43. Kh2 Re3 44. Kg2 Kg6 0-1